000 00305nam a2200121Ia 4500
005 20251222152614.0
008 251222s9999||||xx |||||||||||||| ||spa||
082 _aREF.530.03/S25
100 _aSantivañez Guerra, José Luis
245 0 _aDiccionario de Física
264 _bEuclides S.A.C
942 _cLIB
999 _c27082
_d27082